| 000 | 00842nam a2200241Ia 4500 | ||
|---|---|---|---|
| 003 | OSt | ||
| 005 | 20220925202924.0 | ||
| 006 | a|||||r|||| 00| 0 | ||
| 007 | ta | ||
| 008 | 220923b |||||||| |||| 00| 0 eng d | ||
| 037 | _cGeneral Book | ||
| 040 |
_aRTL _cRTL _beng |
||
| 041 |
_2eng _aeng |
||
| 082 | _aX:8N91, Po/Th | ||
| 100 |
_aDhawan Nidhi _9264556 |
||
| 245 | 0 | _aStudy of impact of communication on job-satisfaction and organisation | |
| 260 |
_aDelhi _bUniversity of Delhi _c2000 |
||
| 300 |
_a106p. Bibliography: p.97-100 _ccm. |
||
| 490 | _aUniversity of Delhi, Commerce and Business (F/o-), Dissertation. Dissertation, University of Delhi, Commerce and Business (F/o-) | ||
| 650 |
_aCommunication Management _9231786 |
||
| 942 |
_hX:8N91, Po/Th _cGB _2CC |
||
| 999 |
_c544605 _d544605 |
||